Incollable #11 - Animaux - Statistiques

Statistiques générales
  • Ce quiz a été pris 953 fois
  • Le résultat moyen est 5 sur 10
Statistiques - réponses
Niveaux Questions Réponses % Correct
CP Le plus souvent, quelle est la couleur du duvet d’un poussin ? Jaune
99%
CE2 Que mange un animal frugivore ? Les fruits
89%
CM2 À quel reptile l’anguille ressemble-t-elle ? Au serpent
86%
CE2 À quel autre oiseau marin le goéland ressemble-t-il ? À la mouette
77%
Collège Quel poisson surnomme-t-on le « steak de la mer » ? Le thon
56%
CE1 Le petit de la girafe s’appelle le girafon, mais il possède également une seconde appellation: Le girafeau
50%
Lycée Comment appelle-t-on la partie du corps d’un cheval qui commence à l’épaule et s’arrête à l’encolure, Le garrot
26%
Collège En 4 lettres: petit poisson venimeux qui s’enfouit dans le sable des plages ? La vive
22%
CE1 À quelle espèce appartient le « paon de jour » ? Au papillon
17%
Lycée Quel poisson surnomme-t-on le « tigre des mers » ? Le barracuda
5%
Aucun quiz correspondant
Distribution des résultats
% des personnes avec chaque résultat
Percentile par nombre de réponses
Votre historique - résultats
Vous n’avez pas pris ce quiz